000 00725cam a2200181 i 4500
020 _a0309028159
082 0 0 _a629.04
_bNAT
110 2 _aNational Research Council (U.S.).
_920017
245 1 0 _aMoisture and frost-related soil properties.
260 _aWashington :
_bTransportation Research Board, Commission on Sociotechnical Systems, National Research Council, National Academy of Sciences,
_c1978.
300 _av, 43 p. :
_bill. ;
_c28 cm.
526 _a0
_b0
_c0
_d629_040000000000000_NAT
650 0 _aFrozen ground
_xTesting
_xCongresses.
_944310
650 0 _aPavements
_xCongresses.
_921178
650 0 _aRoads
_xSubgrades
_xCongresses.
_944311
650 0 _aSoil moisture
_xTesting
_xCongresses.
_944312
942 _2ddc
_cBK
999 _c548134
_d548134